Statistics for Soccer/Football Clubs To Countries

Click here to take the quiz!

General Stats

  • This quiz has been taken 90 times
  • The average score is 11 of 15

Answer Stats

ClubAnswer% Correct
SampdoriaItaly
98%
River PlateArgentina
93%
AjaxNetherlands
93%
BesiktasTurkey
93%
LevanteSpain
91%
FC MidtjyllandDenmark
83%
Cruz AzulMexico
77%
Al-DuhailQatar
73%
Al-AhlyEgypt
72%
FerencvarosHungary
71%
Rio AvePortugal
63%
PenarolUruguay
62%
QarabagAzerbaijan
61%
Wydad ACMorocco
43%
TP MazembeDR Congo
29%

Score Distribution

Percentile by Number Answered

Percent of People with Each Score

Your Score History

You have not taken this quiz